Score 0/12 Timer 00:30
6 Plays Today
Question Answer Wrong Answers
Port-au-Prince is the capital of Haiti. True
81.9%
False
4.4%
Sfax is the capital of Tunisia. False
79.3%
True
6.5%
St. Petersburg is the capital of Russia. False
78.6%
True
7.6%
Colon is the capital of Panama. False
77.7%
True
8.2%
Varna is the capital of Bulgaria. False
75.4%
True
10.3%
Valletta is the capital of Malta. True
75.1%
False
10.6%
Muscat is the capital of Oman. True
74.7%
False
11%
Yerevan is the capital of Armenia. True
67.6%
False
17.5%
Port Louis is the capital of Mauritius. True
64.2%
False
20.9%
Windhoek is the capital of Namibia. True
63.1%
False
22.4%
Port Olry is the capital of Vanuatu. False
61%
True
23.9%
Ho Chi Minh City is the capital of Vietnam. False
51.7%
True
34.9%
Remove Ads.
Support Sporcle.
Get the best of Sporcle when you Go Orange. This ad-free experience offers more features, more stats, and more fun while also helping to support Sporcle. Thank you for becoming a member.

You're not logged in!

Compare scores with friends on all Sporcle quizzes.
OR
Log In

Sporcle TV

Today on Sporcle TV


Watch our educational content, quiz creation guides, and fun videos on Sporcle TV.

Show Comments

Extras

Top Quizzes Today


Score Distribution

Paid Content

Your Account Isn't Verified!

In order to create a playlist on Sporcle, you need to verify the email address you used during registration. Go to your Sporcle Settings to finish the process.

Report this User

Report this user for behavior that violates our Community Guidelines.

Details: